User-centered translation / (Record no. 705)
[ view plain ]
| 000 -LEADER | |
|---|---|
| fixed length control field | 01265cam a2200325 i 4500 |
| 001 - CONTROL NUMBER | |
| control field | 18308541 |
| 005 - DATE AND TIME OF LATEST TRANSACTION | |
| control field | 20240408101119.0 |
| 008 - FIXED-LENGTH DATA ELEMENTS--GENERAL INFORMATION | |
| fixed length control field | 140919s2015 enka b 001 0 eng |
| 010 ## - LIBRARY OF CONGRESS CONTROL NUMBER | |
| LC control number | 2014024144 |
| 020 ## - INTERNATIONAL STANDARD BOOK NUMBER | |
| International Standard Book Number | 9781138795495 (hbk) |
| 020 ## - INTERNATIONAL STANDARD BOOK NUMBER | |
| International Standard Book Number | 9781138795501 (pbk) |
| 020 ## - INTERNATIONAL STANDARD BOOK NUMBER | |
| Canceled/invalid ISBN | 9781315753508 (ebk) |
| 040 ## - CATALOGING SOURCE | |
| Original cataloging agency | DLC |
| Language of cataloging | eng |
| Transcribing agency | DLC |
| Description conventions | rda |
| Modifying agency | DLC |
| 042 ## - AUTHENTICATION CODE | |
| Authentication code | pcc |
| 050 00 - LIBRARY OF CONGRESS CALL NUMBER | |
| Classification number | P306.5 |
| Item number | .S86 2015 |
| 082 00 - DEWEY DECIMAL CLASSIFICATION NUMBER | |
| Classification number | DC 418/.02071 |
| Edition number | 23 |
| Item number | Su959 |
| 100 1# - MAIN ENTRY--PERSONAL NAME | |
| Personal name | Suojanen, Tytti, |
| Dates associated with a name | 1969- |
| Relator term | author. |
| 9 (RLIN) | 56386 |
| 245 10 - TITLE STATEMENT | |
| Title | User-centered translation / |
| Statement of responsibility, etc. | Tytti Suojanen, Kaisa Koskinen and Tiina Tuominen. |
| 300 ## - PHYSICAL DESCRIPTION | |
| Extent | vii, 166 pages : |
| Other physical details | illustrations ; |
| Dimensions | 24 cm. |
| 490 0# - SERIES STATEMENT | |
| Series statement | Translation Practices Explained |
| 504 ## - BIBLIOGRAPHY, ETC. NOTE | |
| Bibliography, etc | Includes bibliographical references (pages 149-163) and index. |
| 650 #0 - SUBJECT ADDED ENTRY--TOPICAL TERM | |
| Topical term or geographic name as entry element | Translating and interpreting |
| General subdivision | Study and teaching. |
| 9 (RLIN) | 327 |
| 650 #0 - SUBJECT ADDED ENTRY--TOPICAL TERM | |
| Topical term or geographic name as entry element | Translating and interpreting |
| Form subdivision | Problems, exercises, etc. |
| 9 (RLIN) | 56387 |
| 650 #0 - SUBJECT ADDED ENTRY--TOPICAL TERM | |
| Topical term or geographic name as entry element | Translating and interpreting |
| Form subdivision | Self-instruction. |
| 9 (RLIN) | 56388 |
| 700 1# - ADDED ENTRY--PERSONAL NAME | |
| Personal name | Koskinen, Kaisa, |
| Relator term | author. |
| 9 (RLIN) | 56389 |
| 700 1# - ADDED ENTRY--PERSONAL NAME | |
| Personal name | Tuominen, Tiina, |
| Relator term | author. |
| 9 (RLIN) | 56390 |
| 906 ## - LOCAL DATA ELEMENT F, LDF (RLIN) | |
| a | 7 |
| b | cbc |
| c | orignew |
| d | 1 |
| e | ecip |
| f | 20 |
| g | y-gencatlg |
| 942 ## - ADDED ENTRY ELEMENTS (KOHA) | |
| Source of classification or shelving scheme | Dewey Decimal Classification |
| Koha item type | Circulation |
| Withdrawn status | Lost status | Source of classification or shelving scheme | Damaged status | Not for loan | Collection code | Home library | Current library | Date acquired | Source of acquisition | Total Checkouts | Full call number | Barcode | Date last seen | Date last checked out | Price effective from | Koha item type |
|---|---|---|---|---|---|---|---|---|---|---|---|---|---|---|---|---|
| Dewey Decimal Classification | Circulation | UM Digos College - LIC | UM Digos College - LIC | 08/28/2015 | Purchased | 2 | DC 418.02071 Su959 2015 | 23595 | 05/15/2025 | 07/31/2017 | 01/21/2016 | Circulation |
